| 000 | 00649nam a2200193 i 4500 | ||
|---|---|---|---|
| 001 | 149439 | ||
| 003 | ES-MaACL | ||
| 005 | 20230906203114.0 | ||
| 007 | t| | ||
| 008 | 071022s1944 sp ||||1| spa d | ||
| 100 | 1 |
_aVela Jiménez, Manuel. _9113687 |
|
| 245 | 1 | 0 |
_aAlejandro Farnesio _b: furia española / _cManuel Vela Jiménez. |
| 260 |
_aBarcelona : _bLuis de Caralt, _c[1944] |
||
| 300 |
_a232 p., 8 lám. ; _c22 cm. |
||
| 490 | 1 | _aAtalaya del tiempo pasado. Grandes figuras de la historia | |
| 830 | 0 |
_aAtalaya del tiempo pasado. Grandes figuras de la historia _9221088 |
|
| 852 |
_aES-MaACL _jF-16217 _bR.21078 |
||
| 999 |
_c149439 _d149439 |
||